Missing Word: TV Title Palindromes Quiz Stats

 Plays Quiz Updated May 25, 2018

Challenge
Share
Tweet
Embed
Score 0/13 Timer 02:00
0 Plays Today
Title Palindrome % Correct
The _____ Newhart ShowBob
92.2%
_____ MontanaHannah
90.6%
Mike Hammer, Private _____Eye
86.7%
The Worst Thing I Ever _____Did
78.1%
The _____ Nicole ShowAnna
77.3%
The Flying _____Nun
70.5%
_____ SecretaryMadam
69.8%
American _____!Dad
66.5%
A _____ Named Scooby-DooPup
61.1%
_____ Up VideoPop
48.4%
Killing _____Eve
34.8%
Odd _____ OutMom
33.7%
_____ of SunsetShahs
18.1%

Today's Daily Dose

Missing Word
Britpop Albums

Word Ladder
Sing It!

On This Day
December 14th II

You're not logged in!

Compare scores with friends on all Sporcle quizzes.
OR
Log In

You Might Also Like...

Show Comments

Extras

Top Quizzes Today


Score Distribution

Your Account Isn't Verified!

In order to create a playlist on Sporcle, you need to verify the email address you used during registration. Go to your Sporcle Settings to finish the process.

Report this User

Report this user for behavior that violates our Community Guidelines.

Details: